Privatizaciones en un contexto de emergencia económica (Registro nro. 16548)

Detalles MARC
000 -LEADER
fixed length control field 00384 a2200121 4500
001 - CONTROL NUMBER
control field ART_3604
005 - DATE AND TIME OF LATEST TRANSACTION
control field 20260410161716.0
008 - FIXED-LENGTH DATA ELEMENTS--GENERAL INFORMATION
fixed length control field 260409a
100 1# - MAIN ENTRY--PERSONAL NAME
Personal name Gerchunoff, Pablo
245 10 - TITLE STATEMENT
Title Privatizaciones en un contexto de emergencia económica
700 1# - ADDED ENTRY--PERSONAL NAME
Personal name Cánovas, Guillermo
773 0# - HOST ITEM ENTRY
Title Desarrollo económico
Related parts - Vol. 34, Nº 136 (ene./mar. 1995)
Record control number REV1174

No hay ítems disponibles.